000
00282nam a2200097Ia 4500
001
798346
005
20250826170825.0
008
250824s9999 xx 000 0 und d
245
0
_a
SABRİ CEMİL 2. BEYAZ PANTER VE KARA DOSTU
_c
MUHİDDİN YENİGÜL
260
_b
UĞUR BÖCEĞİ YAYINLARI
999
_c
798346
_d
798346